000 00660nam a2200241Ia 4500
003 OSt
005 20220925192117.0
006 a|||||r|||| 00| 0
007 ta
008 220923b |||||||| |||| 00| 0 eng d
037 _cGeneral Book
040 _aRTL
_cRTL
_beng
041 _2eng
_aeng
082 _aY48, J5
100 _aGordon Thomas
_9243968
245 0 _aGroup-Centered leadership
_b A way of releasing the
260 _aBoston
_bHoughton Mifflin
_c1955
300 _axii, 366p
_ccm.
500 _aBibliography: P 355-60
650 _aElites
942 _hY48, J5
_cGB
_2CC
999 _c520988
_d520988